Brussels South Charleroi Airport Destinations (Charleroi, Belgium) - Statistics

General Stats
  • This quiz has been taken 158 times
    16 since last reset
  • The average score is 85 of 130
Answer Stats
Airline Destination % Correct
Ryanair Barcelona
100%
Ryanair Alicante
93%
Pegasus Airlines Antalya
93%
Ryanair Athens
93%
Pegasus Airlines Istanbul (Sabiha Gökçen)
93%
Ryanair Kraków
93%
Ryanair Marseille
93%
Ryanair Naples
93%
Volotea Nice
93%
Ryanair Prague
93%
Ryanair Rome (Ciampino)
93%
Ryanair Rome (Fiumicino)
93%
Ryanair Valencia
93%
Ryanair Vienna
93%
Ryanair/Wizz Air Warsaw (Chopin)
93%
Ryanair Warsaw (Modlin)
93%
Air Corsica Ajaccio
86%
Ryanair Bologna
86%
Volotea Bordeaux
86%
Wizz Air Bucharest (Băneasa)
86%
Ryanair/Wizz Air Bucharest (Otopeni)
86%
Ryanair Dublin
86%
Ryanair Edinburgh
86%
Ryanair Genoa
86%
Ryanair Helsinki
86%
Ryanair Heraklion
86%
Ryanair Lisbon
86%
Ryanair Madrid
86%
Ryanair Palermo
86%
Ryanair Palma de Mallorca
86%
Ryanair Porto
86%
Ryanair Poznań
86%
Ryanair Riga
86%
Ryanair/Wizz Air Sofia
86%
Ryanair Stockholm (Arlanda)
86%
Ryanair/Wizz Air Tirana
86%
Ryanair Toulouse
86%
Ryanair Turin
86%
Ryanair Wrocław
86%
Ryanair Zagreb
86%
Ryanair Agadir
79%
Ryanair Bari
79%
Ryanair Bergamo
79%
Ryanair/Wizz Air Budapest
79%
Ryanair Corfu
79%
Ryanair Cork
79%
Ryanair Faro
79%
Ryanair Gran Canaria
79%
Ryanair Málaga
79%
Ryanair Malta
79%
Ryanair Manchester
79%
Ryanair Pisa
79%
Ryanair Tenerife (South)
79%
Ryanair Thessaloniki
79%
Ryanair Verona
79%
Ryanair Zadar
79%
Ryanair Chania
71%
Wizz Air Cluj-Napoca
71%
Ryanair Dubrovnik
71%
Ryanair Funchal
71%
Ryanair Katowice
71%
Ryanair Lanzarote
71%
Ryanair Marrakesh
71%
Ryanair Menorca
71%
Volotea Nantes
71%
Ryanair Rhodes
71%
Ryanair Seville
71%
Wizz Air Skopje
71%
Ryanair Tangier
71%
Wizz Air Varna
71%
Ryanair Almería
64%
Ryanair Amman (Queen Alia)
64%
Ryanair Brindisi
64%
Wizz Air Catania
64%
Ryanair Fuerteventura
64%
Ryanair Ibiza
64%
Ryanair Kaunas
64%
Ryanair Olbia
64%
Ryanair Perugia
64%
Ryanair Sarajevo
64%
Ryanair Trieste
64%
Air Corsica Bastia
57%
Ryanair Bratislava
57%
Ryanair Cagliari
57%
Wizz Air Chișinău
57%
Ryanair Fès
57%
Ryanair Girona
57%
Wizz Air Iași
57%
Ryanair Lamezia Terme
57%
Ryanair Paphos
57%
Ryanair Pula
57%
Ryanair Rabat
57%
Ryanair Santiago de Compostela
57%
Wizz Air Timișoara
57%
Ryanair Treviso
57%
Ryanair Alghero
50%
Ryanair Ancona
50%
Ryanair Nador
50%
Ryanair Newcastle upon Tyne
50%
Air Arabia/Ryanair Oujda
50%
Ryanair Rijeka
50%
Ryanair Trapani
50%
Air Corsica Calvi
43%
Wizz Air Craiova
43%
Air Corsica/Ryanair Figari
43%
Ryanair Lourdes
43%
Ryanair Perpignan
43%
Ryanair Podgorica
43%
Ryanair Reggio Calabria
43%
Ryanair Salerno
43%
Wizz Air Yerevan
43%
Ryanair Asturias
36%
Ryanair Biarritz
36%
Ryanair Carcassonne
36%
Wizz Air Kutaisi
36%
Ryanair Pescara
36%
Ryanair Santander
36%
Ryanair Zaragoza
36%
Ryanair Banja Luka
29%
Ryanair Tétouan
29%
Ryanair Castellón
21%
Ryanair Béziers
14%
Ryanair La Rochelle
14%
Ryanair Rodez
14%
Wizz Air Suceava
14%
Wizz Air Târgu Mureș
14%
Ryanair Vitoria
14%
Ryanair Nîmes
7%
Ryanair Volos
7%
Ryanair Essauouira
0%
No matching quizzes found
Score Distribution
Percent of People with Each Score
Percentile by Number Answered
Your Score History
You have not taken this quiz since the last reset